Economía (Registro nro. 5700)

Detalles MARC
000 -Cabecera
Campo de control de longitud fija 01054ata a2200421 4500
005 - Fecha y hora de la última transacción
Campo de control 20250701175322.0
008 - Elementos de longitud fija--Información general
Campo de control de longitud fija 150519b2006 xxu||||| |||| 00| 0 spa d
020 ## - International Standard Book Number
Número Internacional Estándar del Libro (ISBN) 0072872655
041 ## - Idioma
Código de idioma Español
082 ## - Clasificación Decimal Dewey
Número de clasificación 330 S193e18
100 ## - Entrada principal--Autor personal
Nombre personal Samuelson, Paul
9 (RLIN) 20632
100 ## - Entrada principal--Autor personal
Nombre personal Nordhaus, William
9 (RLIN) 26949
245 ## - Título propiamente dicho
Título Economía
250 ## - Edición
Mención de edición 18 edición
260 ## - Pie de imprenta
Lugar de publicación, distribución, etc. México
260 ## - Pie de imprenta
Nombre del editor, distribuidor, etc. McGraw-Hill
260 ## - Pie de imprenta
Fecha de publicación, distribución, etc. 2006
300 ## - Descripción física
Extensión 753 páginas
490 ## - Serie
Título de la Serie Dirección y Administración de Empresas
650 ## - Materia general
Temática (materia general) ECONOMÍA
650 ## - Materia general
Temática (materia general) MICROECONOMÍA
650 ## - Materia general
Temática (materia general) CRECIMIENTO ECONÓMICO
650 ## - Materia general
Temática (materia general) OFERTA
650 ## - Materia general
Temática (materia general) DEMANDA
650 ## - Materia general
Temática (materia general) MERCADOS
650 ## - Materia general
Temática (materia general) FACTORES DE MERCADO
650 ## - Materia general
Temática (materia general) IMPUESTOS
650 ## - Materia general
Temática (materia general) GASTOS PÚBLICOS
650 ## - Materia general
Temática (materia general) CICLO ECONÓMICO
650 ## - Materia general
Temática (materia general) DESEMPLEO
650 ## - Materia general
Temática (materia general) INFLACIÓN
650 ## - Materia general
Temática (materia general) POLÍTICAS ECONÓMICAS
650 ## - Materia general
Temática (materia general) POLÍTICAS MONETARIAS
650 ## - Materia general
Temática (materia general) TIPOS DE CAMBIOS
650 ## - Materia general
Temática (materia general) DESARROLLO ECONÓMICO
650 ## - Materia general
Temática (materia general) BANCA CENTRAL
942 ## - Punto de acceso adicional KOHA
Tipo de ítem KOHA Libro
Fuente del sistema de clasificación o colocación Dewey Decimal Classification
Existencias
Signatura completa Código de barras Programa Académico Tipo de ítem
330 S193e18 836 Dirección y Administración de Empresas Libro